Top 10 Joueurs de tennis suédois ATP depuis 1990 - Statistiques

Statistiques générales
  • Ce quiz a été pris 28 fois
  • Le résultat moyen est 4 sur 10
Statistiques - réponses
Points Jetpunk Joueur % Correct
247 Stefan EDBERG
78%
85 Robin SODERLING
61%
58 Magnus NORMAN
48%
16 Joachim JOHANSSON
43%
70 Thomas JOHANSSON
43%
116 Thomas ENQVIST
35%
65 Jonas BJORKMAN
22%
62 Magnus GUSTAFSSON
17%
22 Jonas SVENSSON
9%
49 Magnus LARSSON
9%
Aucun quiz correspondant
Distribution des résultats
% des personnes avec chaque résultat
Percentile par nombre de réponses
Votre historique - résultats
Vous n’avez pas pris ce quiz